Lý thuyết trường điện từ
Nội dung sách gồm: Các định luật và nguyên lý cơ bản của trường điện từ. Phân tích các phương trình Macxoen. Sóng điện từ phẳng và nhiễu xã sóng điện từ.
Salvato in:
| Autore principale: | |
|---|---|
| Natura: | Libro |
| Lingua: | Undetermined |
| Pubblicazione: |
Hà Nội
Giáo dục
2007
|
| Soggetti: | |
| Tags: |
Aggiungi Tag
Nessun Tag, puoi essere il primo ad aggiungerne! !
|
| Thư viện lưu trữ: | Trung tâm Học liệu Trường Đại học Cần Thơ |
|---|
| LEADER | 00830nam a2200205Ia 4500 | ||
|---|---|---|---|
| 001 | CTU_142877 | ||
| 008 | 210402s9999 xx 000 0 und d | ||
| 020 | |c 16000 | ||
| 082 | |a 530.141 | ||
| 082 | |b L125 | ||
| 100 | |a Kiều, Khắc Lâu | ||
| 245 | 0 | |a Lý thuyết trường điện từ | |
| 245 | 0 | |c Kiều Khắc Lâu | |
| 260 | |a Hà Nội | ||
| 260 | |b Giáo dục | ||
| 260 | |c 2007 | ||
| 520 | |a Nội dung sách gồm: Các định luật và nguyên lý cơ bản của trường điện từ. Phân tích các phương trình Macxoen. Sóng điện từ phẳng và nhiễu xã sóng điện từ. | ||
| 650 | |a Electromagnetic theory,Lý thuyết điện từ | ||
| 904 | |i QHieu | ||
| 980 | |a Trung tâm Học liệu Trường Đại học Cần Thơ | ||